000 00943nas a2200325 4500
001 BR0601588
003 BR-BrBNA
005 20231205105934.0
007 ta
008 230509b bl.|||p| |||| 00| 00por d
040 _aBR-BrBNA
_bpor
_cBiblioteca Nacional de Agricultura
041 _a(Pt)
072 _aQ04
100 1 _aEvangelista, R.M.
100 1 _aVieites, R.L.
100 1 _aSanches, L.C.
100 1 _aFukada, T.H.
100 1 _aGarcia, P.C.
245 1 _aAvaliação da qualidade físico-química e química de sucos de goiaba e acerola.
650 _aSUCO
650 _aGOIABA
650 _aACEROLA
650 _aPROPRIEDADE FÍSICO-QUÍMICA
650 _aCONTROLE DE QUALIDADE
650 _aVITAMINA C
650 _aSÃO PAULO
773 0 _tHigiene Alimentar (Brazil)
_xISSN 0101-9171
_g(Jan-Feb 2006), v. 20 (138) p. 108-114
_wBR0601588
909 _a202311
_bLúcia
_c55
_dLúcia Elande
942 _2AGRIS
_n0
_cANA
999 _c185452
_d185452